[Event "PNWCC Online Masters WOO"]
[Site "Chess.com INT"]
[Date "2020.07.05"]
[Round "6.44"]
[White "Chen, Megan"]
[Black "Jiang, Brandon"]
[Result "1/2-1/2"]
[WhiteElo "1549"]
[BlackElo "1954"]
[PlyCount "48"]
[EventDate "2020.07.04"]
[EventType "swiss (rapid)"]
[EventRounds "9"]
[EventCountry "USA"]
[SourceTitle "CBM 197 Extra"]
[Source "ChessBase"]
[SourceDate "2020.09.30"]
[SourceVersion "1"]
[SourceVersionDate "2020.09.30"]
[SourceQuality "1"]

1. e4 c5 2. d4 cxd4 3. c3 dxc3 4. Nxc3 Nc6 5. Nf3 d6 6. Bc4 Nf6 7. e5 dxe5 8. Qxd8+ Kxd8 9. Ng5 Ke8 10. Nb5 Kd7 11. Nxf7 Rg8 12. Ng5 Nb4 13. 0-0 Nbd5 14. Rd1 e6 15. Nf7 Bc5 16. Nxe5+ Ke7 17. Bxd5 Nxd5 18. Bg5+ Nf6 19. Rac1 Bb6 20. Nd6 Rd8 21. Nef7 Rf8 22. Ne5 Rd8 23. Nef7 Rf8 24. Ne5 Rd8 1/2-1/2

[Event "Wisconsin Int"]
[Site "Madison"]
[Date "2017.06.14"]
[Round "3"]
[White "Banerjee, Abhimanyu"]
[Black "Chen, Megan"]
[Result "1-0"]
[WhiteElo "1972"]
[BlackElo "1391"]
[PlyCount "39"]
[EventDate "2017.06.13"]
[EventType "swiss"]
[EventRounds "9"]
[EventCountry "USA"]
[SourceTitle "CBM 179 Extra"]
[Source "ChessBase"]
[SourceDate "2017.08.23"]
[SourceVersion "1"]
[SourceVersionDate "2017.08.23"]
[SourceQuality "1"]

1. e4 c6 2. d4 d5 3. Nd2 dxe4 4. Nxe4 Bf5 5. Ng3 Bg6 6. N1e2 e6 7. Nf4 Nd7 8. h4 h6 9. Nxg6 fxg6 10. Qg4 Qf6 11. Bd3 Ne7 12. Be3 Nf5 13. 0-0-0 0-0-0 14. Bg5 hxg5 15. hxg5 Qxd4 16. Qxd4 Nxd4 17. Rxh8 Ne5 18. f4 Nxd3+ 19. Rxd3 c5 20. c3 1-0